Christianity and modern countries - Statistics

General Stats
  • This quiz has been taken 106 times
  • The average score is 12 of 15
Answer Stats
Hint Answer % Correct
Country on whose territory Jesus was born Israel
100%
Country where Joseph took Mary and Jesus Egypt
91%
Country named after the river of life Jordan
90%
Residence of the Pope Vatican City
90%
Nation whose language was used for the New Testament Greece
86%
Country where Noah's Ark happened Turkey
86%
Country with the greatest number of Christians United States
86%
Country where you can now find the language closest to the one Jesus spoke Syria
82%
Country where the Tower of Babel was situated Iraq
81%
First country to adopt Christianity as an official religion Armenia
78%
Homeland of king Cyrus Iran
77%
Country where the first martyrs come from Italy
77%
Homeland of Barnabas Cyprus
58%
Where St. Paul's shipwreck took place Malta
52%
Country with the greatest percent of Christians (excluding Vatican) East Timor
30%
No matching quizzes found
Score Distribution
Percent of People with Each Score
Percentile by Number Answered
Your Score History
You have not taken this quiz